| 000 | 00507nam a2200181Ia 4500 | ||
|---|---|---|---|
| 008 | 160114s9999 xx 000 0 und d | ||
| 020 | _a0-717257762 | ||
| 050 | _a745.5 | ||
| 050 | _b.C885 2003 | ||
| 100 | _aSpeechley, Greta. | ||
| 245 |
_aMyths and Tales Book / _cGreta Speechley. |
||
| 260 |
_aDanbury : _bGrolier. _c2003 |
||
| 300 |
_a32 pages; _bcol. Illustrations, _c28 cm. |
||
| 440 | _aCrafts for Kids | ||
| 500 | _a Includes index. | ||
| 650 | _aHandicrafts-- | ||
| 650 | _xJuvenile literature. | ||
| 999 |
_c290311 _d290311 |
||